Эффективность использования интерактивных методов обучения в техническом вузе; Молодой ученый; № 8 (88)
| Parent link: | Молодой ученый: ежемесячный научный журнал.— , 2008- № 8 (88).— 2015.— [С. 971-974] |
|---|---|
| Main Author: | |
| Corporate Author: | |
| Other Authors: | |
| Summary: | Заглавие с экрана Режим доступа: по договору с организацией-держателем ресурса |
| Language: | Russian |
| Published: |
2015
|
| Series: | Педагогика |
| Subjects: | |
| Online Access: | http://www.moluch.ru/archive/88/17677/ http://elibrary.ru/item.asp?id=23295782 |
| Format: | Electronic Book Chapter |
| KOHA link: | https://koha.lib.tpu.ru/cgi-bin/koha/opac-detail.pl?biblionumber=642448 |
MARC
| LEADER | 00000nla0a2200000 4500 | ||
|---|---|---|---|
| 001 | 642448 | ||
| 005 | 20250204144935.0 | ||
| 035 | |a (RuTPU)RU\TPU\network\7405 | ||
| 035 | |a RU\TPU\network\7392 | ||
| 090 | |a 642448 | ||
| 100 | |a 20150625d2015 k||y0rusy50 ca | ||
| 101 | 0 | |a rus | |
| 102 | |a RU | ||
| 135 | |a drcn ---uucaa | ||
| 181 | 0 | |a i | |
| 182 | 0 | |a b | |
| 200 | 1 | |a Эффективность использования интерактивных методов обучения в техническом вузе |f Е. Ю. Лобанова, Н. А. Тумакова | |
| 203 | |a Текст |c электронный | ||
| 225 | 1 | |a Педагогика | |
| 300 | |a Заглавие с экрана | ||
| 320 | |a [Библиогр.: с. 974 (7 назв.)] | ||
| 333 | |a Режим доступа: по договору с организацией-держателем ресурса | ||
| 461 | |t Молодой ученый |o ежемесячный научный журнал |d 2008- | ||
| 463 | |t № 8 (88) |v [С. 971-974] |d 2015 | ||
| 610 | 1 | |a электронный ресурс | |
| 610 | 1 | |a труды учёных ТПУ | |
| 610 | 1 | |a интерактивные обучающие системы | |
| 610 | 1 | |a образовательный процесс | |
| 610 | 1 | |a Moodle | |
| 610 | 1 | |a проектная методика | |
| 700 | 1 | |a Лобанова |b Е. Ю. |g Екатерина Юрьевна | |
| 701 | 1 | |a Тумакова |b Н. А. |c лингвист |c специалист по учебно-методической работе Томского политехнического университета |f 1977- |g Наталия Александровна |3 (RuTPU)RU\TPU\pers\32594 | |
| 712 | 0 | 2 | |a Национальный исследовательский Томский политехнический университет (ТПУ) |b Институт неразрушающего контроля (ИНК) |b Кафедра иностранных языков Института неразрушающего контроля (ИЯНК) |3 (RuTPU)RU\TPU\col\18721 |
| 801 | 2 | |a RU |b 63413507 |c 20150625 |g RCR | |
| 856 | 4 | 0 | |u http://www.moluch.ru/archive/88/17677/ |
| 856 | 4 | 0 | |u http://elibrary.ru/item.asp?id=23295782 |
| 942 | |c CF | ||